000 00238nam a22001097a 4500
003 SGT
082 _a343.51249087,BAR
100 _aBARE,ACT
245 _aFOREIGN TRADE ACT,1992
260 _aNEW DELHI
_bEASTERN BOOK
_c2015
942 _2ddc
_cBK
999 _c11617
_d11617